Clinical examination. -- 4th ed. (Record no. 31009)

MARC details
000 -LEADER
fixed length control field 00692nam a2200193 a 4500
008 - FIXED-LENGTH DATA ELEMENTS--GENERAL INFORMATION
fixed length control field 120220s2008 ||||||||||||||||| || u
020 ## - INTERNATIONAL STANDARD BOOK NUMBER
International Standard Book Number 9780723434542
050 ## - LIBRARY OF CONGRESS CALL NUMBER
Classification number RC 76 Cli
100 ## - MAIN ENTRY--PERSONAL NAME
Personal name Epstein, Owen
245 10 - TITLE STATEMENT
Title Clinical examination. -- 4th ed.
Statement of responsibility, etc. Owen Epstein...[and others]
250 ## - EDITION STATEMENT
Edition statement 4th ed.
260 ## - PUBLICATION, DISTRIBUTION, ETC.
Place of publication, distribution, etc. Edinburgh
Name of publisher, distributor, etc. Mosby
Date of publication, distribution, etc. 2008
300 ## - PHYSICAL DESCRIPTION
Extent x, 439p.: ill.
350 ## -
-- 0.00
650 #0 - SUBJECT ADDED ENTRY--TOPICAL TERM
Topical term or geographic name entry element PHYSICAL DIAGNOSIS
650 ## - SUBJECT ADDED ENTRY--TOPICAL TERM
Topical term or geographic name entry element PHYSICAL EXAMINATION--METHODS
650 ## - SUBJECT ADDED ENTRY--TOPICAL TERM
Topical term or geographic name entry element MEDICAL HISTORY TAKING
995 ## -
-- MEDICAL LIBRARY OPEN ACCESS
-- 901548
-- CBU-SCHOOL OF MEDICINE LIBRARY (Ndola)
-- 0.00
-- RC 76 Cli
-- 1
-- AVAILABLE
-- Jun 28, 2012
-- 901548
-- Medical Library Open Access Collection
999 ## -
-- 31009
-- 31009
Holdings
Withdrawn status Lost status Source of classification or shelving scheme Damaged status Not for loan Permanent Location Current Location Shelving location Date acquired Total Checkouts Full call number Barcode Date last seen Price effective from Koha item type
          CBU-SCHOOL OF MEDICINE LIBRARY, NDOLA. CBU-SCHOOL OF MEDICINE LIBRARY, NDOLA.   11/30/2022   RC 76 Cli 901548 11/30/2022 11/30/2022 MONOGRAPH